000 00396nam a2200157 a 4500
005 20140412111421.0
008 071129s19uu xx 00 eng d
020 _a1-55799-910-4
050 _aTR(GS 372.4
_bSh8 2003
245 _aShort Vowels.
260 _aU.S.A :
_bThe learning line,
_c2003.
300 _a32p.
440 _aSuccess measures up!
500 _aGrades 1-2
999 _c106036
_d106036